| 000 | 00639nam a2200193 i 4500 | ||
|---|---|---|---|
| 001 | 173482 | ||
| 003 | ES-MaACL | ||
| 005 | 20230906215243.0 | ||
| 008 | 091203s1965 pr |||| | eng d | ||
| 080 | _a37(729.5)"19" | ||
| 080 | _a308(729.5)"19" | ||
| 100 | 1 |
_aNieves Falcón, Luis. _985731 |
|
| 245 | 1 | 0 |
_aRecruitment to higher education in Puerto Rico _b: 1940-1960 / _cLuis Nieves Falcón. |
| 260 |
_aRio Piedras [Puerto Rico] : _bEditorial Universitaria, _c1965. |
||
| 300 |
_a304 p. ; _c24 cm. |
||
| 650 | 4 |
_aEnseñanza- _zPuerto Rico. _9163434 |
|
| 651 | 4 |
_aPuerto Rico- _xSituación social. _99292 |
|
| 852 |
_aES-MaACL _jC-56967 |
||
| 999 |
_c173482 _d173482 |
||